Everything about Voldemort - Statistics

General Stats
  • This quiz has been taken 107 times
  • The average score is 9 of 12
Answer Stats
Hint Answer % Correct
Last Name Riddle
100%
First Name Tom
100%
Number of Horcruxes 7
98%
Hogwarts House Slytherin
96%
Middle Name Marvolo
92%
Grandfathers Name Marvolo
92%
Pet snakes name Nagini
88%
Blood Status Half
84%
Mum's Name Merope
72%
Favourite Country Albania
51%
Fathers Name Morfin
22%
Favourite creature Serpent
18%
No matching quizzes found
Score Distribution
Percent of People with Each Score
Percentile by Number Answered
Your Score History
You have not taken this quiz